Quizzes
Events
Quiz Creation
Community
Videos
Private Events
Remove Ads
Sign In
Join for FREE
Feedback
Dark Mode
Quiz Categories
Sports
Geography
Music
Movies
Television
Just For Fun
Miscellaneous
History
Literature
Language
Science
Gaming
Entertainment
Religion
Holiday
For Kids
Quiz Lab
Recent
Popular Today
Quiz Kudos Today
Editor Picks
Curator Picks
Quizzes by...
Day
Popularity
Type
Ratings
Length
Year
Community
Subscriptions
Recent Discussions
Orange Saloon
Badges
Playlists
Quests
Create
Leaderboards
Showdown
Live 5
Trivia Bingo
Activity
Puzzle Library
Sporcle Events
Private Events
Virtual Trivia
Globe League
Become a Host
Pub Owners
SporcleCon
Opinionation
Our Games
Videos
Blog
Mobile Apps
Partnerships
Remove Ads and Go Orange
Feedback
Literature
Harry Potter
A Song of Ice and Fire
The Hunger Games
Literary Character
Shakespeare
Book
Author
Novel
Poem
Young Adult
Children's Books
Play
Lord of the Rings
Literature
Harry Potter
A Song of Ice and Fire
The Hunger Games
Literary Character
Shakespeare
Book
Author
Novel
Poem
Young Adult
Children's Books
Play
Lord of the Rings
Random Quiz
Search Sporcle
×
Editor Pick
Editor Pick
Literature
Poem
Type in answers that appear in a list
Type in answers that appear in a list
Classic
Best Score? Go Orange.
Characters in The Odyssey Stats
Can you name the characters in Homer's Odyssey?
By
Redwing19
5m
20 Questions
3,407 Plays
3,407 Plays
3,407 Plays
Comments
Comments
Give Quiz Kudos
Give Quiz Kudos
-
- Ratings
hide this ad
More Info
Replay
Link that replays current quiz
Next Quiz
Link to next quiz in quiz playlist
You Got
0%
They Got
Avg Score
47%
Avg Friend Score
Upgrade to see
Score Distribution
Jump to the score distribution portion of the page
Score
0/20
Timer
05:00
0
Plays Today
Description
Character
% Correct
The protagonist's wife, who is hounded by suitors after Odysseus disappears
Penelope
78.6%
The goddess who helps Odysseus kill his wife's suitors
Athena
77.5%
The nymph queen of Aeaea, who turns Odysseus' men into pigs
Circe
73.9%
The goddess who imprisons Odysseus on her island, Ogygia, for seven years
Calypso
68.7%
The son of Odysseus who tries to find him
Telemachus
68.2%
The Cyclops, Poseidon's son, who is blinded by Odysseus
Polyphemus
59.5%
The warrior who led the Greeks against the Trojans and is later slain by Aegisthus
Agamemnon
59.4%
The red-
haired king of Sparta, husband of Helen
Menelaus
58.6%
The God whose cattle are eaten by Odysseus' crew
Helios
45.7%
Odysseus's father, who slips into distress after he disappears
Laertes
45.4%
Description
Character
% Correct
The Phaeacian princess who helps give Odysseus shelter
Nausicaa
41.2%
Odysseus' dog, who dies when he sees him in Ithaca
Argos
38.7%
The seer Odysseus consults in Hades
Tiresias
38.2%
The leader of the suitors in Ithaca
Antinous
37%
The noble charioteer who Odysseus' son sees first on his journey
Nestor
33.5%
Odysseus' swineherd, who gives him shelter in Ithaca
Eumaeus
32.9%
The king of Phaeacia
Alcinous
32%
The queen of the Phaeacians
Arete
30.3%
Odysseus' crewmember who falls off a roof in Aeaea and dies
Elpenor
23.4%
The prince of Pylos who accompanies Odysseus' son
Pisistratus
8.7%
Quiz Playlist
Details
Report
Send in Message
Add To Playlist
More Info:
Characters are in alphabetical order.
Classic:
Type in answers that appear in a list
Last Updated: Feb 16, 2017
Editor Pick in
Literature
Quiz Scoreboard
CHALLENGE
Sign Up to Join the Scoreboard
Show All
Scores
Hide
Comments
May contain spoilers
Recently Published
9x9 Crossword: Cartoon Network
by jackfrog10
Miscellaneous
3m
College Basketball Coaching Resumes
by pancakes188
Sports
9m
Billboard Blitz: Fleetwood Mac
by CooCooCachoo
Music
15s
More to Explore
Quiz From the Vault
Featured Blog Post
Where Did the Easter Bunny Come From?
hide this ad
You Might Also Like...
Tags
Literary Character Quiz
Mythology Quiz
Poem Quiz
Character
description
Greek
Greek Mythology
Homer
Homer Odyssey
Odyssey
The Odyssey
Today's Top Quizzes in Literature
Browse Literature
hide this ad
Today's Top Quizzes in Poem
Browse Poem
Top Contributed Quizzes in Literature
1
Sneaky Slytherin Logic Puzzle
2
Get The Picture: Black or White Literature
3
5-to-1: Plays
4
A Court of Thorns and Roses (ACoTaR) Logic Puzzle
5
One Thing in Common: Literature
6
One Thing in Common: Literature 3
7
One Thing in Common: Literature II
8
One Thing in Common: Books
9
Literary Siblings Odd One Out III
10
Harry Potter Neighbourly Logic Puzzle #1
Explore More
Trending Topics
Disney
Marvel
Crossword
Harry Potter
Anime
NBA
Kpop
Country
The Office
Song
Soccer
WWE
Pokémon
Puzzle
NFL
hide this ad
More By:
Redwing19
Quiz
Plays
Rating
Category
Featured
Created
2007 Super Bowl-winning New York Giants
3,747
4.31
Sports
Sep 30, 2009
Characters in The Odyssey
3,407
4.50
Literature
Sep 23, 2009
2008 Super Bowl Pittsburgh Steelers
1,553
5.00
Sports
Oct 2, 2009
NHL Alma Maters
197
3.00
Sports
Oct 5, 2009
Monthly Names
182
5.00
Miscellaneous
Oct 7, 2009
Go to Creator's Profile
Score Distribution
Quiz Creator Spotlight
Redwing19
Follow
Send a Message
Quizzes Created
-
Created Quiz Play Count
-
More By This Creator
Popular Quizzes Today
1
Find the US States - No Outlines Minefield
2
Find the Countries of Europe - No Outlines Minefield
3
The Countries of the World
4
Find the US States
5
Risky Map Clicking: Biggest States A-Z
6
US States
7
Popular People in 1961
8
Movies - When Are They Set?
More Literature Quizzes
Harry Potter Maze: Logic II
Curator's Pick
Trending Quizzes
Risky Map Clicking: Least Populous States A-Z
1-10 Letter G Words
1-10 Letter F Words
Risky Map Clicking: Next State Alphabetically
Adjectives in 80s TV Shows
Recently Updated
Leaping Animals
pecheneg
Reality TV Shows (A-Z)
bhenderson79
Rickey Henderson's Hall of Fame Teammates
pecheneg
Champions League XIs: Arsenal
pecheneg
Quick Pick: Celebrities in WWE's Hall of Fame
aduchscher
A-Z Keypad Blitz II
pecheneg
Multiple Oscar Actors
pecheneg
Mystery Phrase Blitz: Oscar 'Best Actors'
pecheneg
F. Scott Fitzgerald Novels
LTH
Pick 3 Villains
ddd62291
Trending Topics
Kpop
Harry Potter
Disney
Anime
NBA
Crossword
Marvel
Country
Puzzle
Pokémon
NFL
The Office
Song
Soccer
WWE
Your Account Isn't Verified!
In order to create a playlist on Sporcle, you need to verify the email address you used during registration. Go to your
Sporcle Settings
to finish the process.
Report this User
Report this user for behavior that violates our
Community Guidelines
.
Details:
Send Report
Go to the Sporcle.com Mobile Site →
Comments